000 02780cam a2200349 a 4500
003 EG-GiCUC
005 20250223031806.0
008 170916s2016 ua dh f m 000 0 eng d
040 _aEG-GiCUC
_beng
_cEG-GiCUC
041 0 _aeng
049 _aDeposite
097 _aM.Sc
099 _aCai01.11.28.M.Sc.2016.Em.U
100 0 _aEman Fouad Labib Kreolos
245 1 0 _aUmbilical cord PH and apgar score in relation to delivery time interval in cesarean Section /
_cEman Fouad Labib Kreolos ; Supervised Dalia Ahmed Khairy Abdellatif , Dina Mohammed Akmal , Hala Nabil Mohammed
246 1 5 _aدراسة تأثير الوقت المستغرق لإجراء العملية القيصرية علي نقاط ابغار ودرجة حموضة الدم بالحبل السري
260 _aCairo :
_bEman Fouad Labib Kreolos ,
_c2016
300 _a117 P. :
_bcharts , facsimiles ;
_c25cm
502 _aThesis (M.Sc.) - Cairo University - Faculty of Medicine - Department of Pediatrics
520 _aThe Apgar score system offers a standardized, effective, and convenient assessment for newborn infants. It has gained widespread application by obstetricians all over the world for more than half a century. Umbilical artery acid base studies provide the best measure of efficacy of intrapartum intervention and is now recommended in all of risk deliveries by both the British and American Colleges of Obstetrics and Gynecology and in some centres, it is practiced routinely following all deliveries. The aim of the current study was to assess the impact of 3 time intervals of cesarean section under spinal anesthesia{u2014}induction of anesthesia to delivery (I{u2013}D), initial skin incision to delivery (S{u2013}D), and uterine incision to delivery (U{u2013}D){u2014} on Apgar score and umbilical artery PH of the newborn as the primary outcome parameter. Our study is a prospective cohort study conducted at Kasr-Al Aini Maternity Hospital from January to June 2016. The study included 250 neonates born to women who underwent cesarean section under spinal anesthesia for term single neonates (90 neonates born to healthy women, 80 neonates born to diabetic women and 80 neonates born to hypertensive women). In our study we found out that umbilical artery PH was negatively correlated to the induction of spinal anesthesia to delivery interval
530 _aIssued also as CD
653 4 _aApgar score
653 4 _aCesarean Section
653 4 _aUmbilical cord PH
700 0 _aDalia Ahmed Khairy Abdellatif ,
_eSupervisor
700 0 _aDina Mohammed Akmal ,
_eSupervisor
700 0 _aHala Nabil Mohammed ,
_eSupervisor
856 _uhttp://172.23.153.220/th.pdf
905 _aNazla
_eRevisor
905 _aShimaa
_eCataloger
942 _2ddc
_cTH
999 _c62308
_d62308